| 000 | 00856aab a2200193 i 4500 | ||
|---|---|---|---|
| 001 | 768714001 | ||
| 003 | CO-MdFUSB | ||
| 005 | 20240422114407.0 | ||
| 008 | 240405t1991 ag ||||| |||| 00| 0 spa d | ||
| 040 |
_bspa _cCO-MdFUSB |
||
| 041 | _aspa | ||
| 100 | 1 |
_aConsejo Mundial de Iglesias _eautor |
|
| 245 |
_aPerspectivas evangélicas de la VII Asamblea General del Consejo Mundial de Iglesias _c/ Consejo Mundial de Iglesias |
||
| 300 |
_aVolumen 10, número 2 (abril - junio, 1991), páginas: 15 -16 _c; 27 cm |
||
| 520 | _aEs una preproducción de la carta a iglesias y cristianos de todo el mundo de parte de participantes con preocupaciones evangélicas. | ||
| 650 | 7 |
_aTeología pastoral y unidad cristiana _97183 |
|
| 773 | 0 |
_tIglesia y Misión _049402 _959664 _gVolumen 10, número 2 (abril - junio, 1991), páginas: 15 -16 _qpágina: 15 |
|
| 942 | _cANA | ||
| 999 |
_c51913 _d51913 |
||